[Event "Crespi d'Adda Cup"]
[Site "Capriate San Gervasio"]
[Date "2015.05.29"]
[Round "1"]
[White "Vezzosi, Paolo"]
[Black "Gozzini, Giambattista"]
[Result "1-0"]
[WhiteElo "2344"]
[BlackElo "1780"]
[PlyCount "41"]
[EventDate "2015.05.29"]
[EventType "swiss"]
[EventRounds "5"]
[EventCountry "ITA"]
[SourceTitle "EXT 2017"]
[Source "ChessBase"]
[SourceDate "2016.10.25"]
[SourceVersion "1"]
[SourceVersionDate "2016.10.25"]
[SourceQuality "1"]

1. d4 d5 2. Nf3 Nf6 3. c4 e6 4. Nc3 Be7 5. Bf4 0-0 6. e3 c6 7. Qc2 Nbd7 8. cxd5 exd5 9. Bd3 Re8 10. 0-0-0 Nf8 11. h3 b5 12. Ne5 Qb6 13. g4 Bb7 14. Kb1 g6 15. h4 N6d7 16. Nxd7 Nxd7 17. h5 Nf8 18. hxg6 fxg6 19. Be5 Kf7 20. Rxh7+ Ke6 21. Bf5+ 1-0

[Event "Codogno op-A 4th"]
[Site "Codogno"]
[Date "2012.09.21"]
[Round "1"]
[White "Hainke, Guntram"]
[Black "Gozzini, Giambattista"]
[Result "1-0"]
[WhiteElo "2318"]
[BlackElo "1865"]
[PlyCount "67"]
[EventDate "2012.09.21"]
[EventType "swiss"]
[EventRounds "5"]
[EventCountry "ITA"]
[SourceTitle "EXT 2016"]
[Source "ChessBase"]
[SourceDate "2015.10.08"]
[SourceVersion "1"]
[SourceVersionDate "2015.10.08"]
[SourceQuality "1"]

1. d4 d5 2. c4 e6 3. Nc3 Be7 4. Nf3 Nf6 5. cxd5 exd5 6. Bg5 c6 7. Qc2 Na6 8. a3 Nc7 9. e3 0-0 10. Bd3 h6 11. Bh4 Nce8 12. 0-0 Nd6 13. Ne5 Ng4 14. Bg3 Nxe5 15. dxe5 Nc4 16. e4 Be6 17. Rfd1 Qc8 18. exd5 cxd5 19. Rac1 Nb6 20. Qe2 Qd8 21. f4 a6 22. f5 Bd7 23. Rf1 Bg5 24. Rce1 d4 25. Ne4 Bc6 26. Qg4 Be3+ 27. Kh1 Bxe4 28. Qxe4 Qd5 29. Qg4 Qd7 30. e6 fxe6 31. fxe6 Rxf1+ 32. Rxf1 Qe8 33. Qe4 g6 34. Rf7 1-0

[Event "Milan Repubblica op"]
[Site "Milan"]
[Date "2012.05.31"]
[Round "1"]
[White "Gozzini, Giambattista"]
[Black "Bemporad, Filippo"]
[Result "0-1"]
[WhiteElo "1865"]
[BlackElo "2078"]
[PlyCount "82"]
[EventDate "2012.05.31"]
[EventType "swiss"]
[EventRounds "6"]
[EventCountry "ITA"]
[SourceTitle "EXT 2015"]
[Source "ChessBase"]
[SourceDate "2014.11.20"]
[SourceVersion "1"]
[SourceVersionDate "2014.11.20"]
[SourceQuality "1"]

1. e4 c5 2. Nf3 d6 3. Bb5+ Bd7 4. Bxd7+ Qxd7 5. 0-0 Nc6 6. c3 Nf6 7. Re1 e6 8. d4 d5 9. e5 Ne4 10. Ng5 Nxg5 11. Bxg5 Be7 12. Bxe7 Qxe7 13. Na3 0-0 14. Nc2 Rac8 15. a3 cxd4 16. Nxd4 Nxd4 17. Qxd4 a6 18. Re3 Rc4 19. Qd3 Rfc8 20. Rd1 h6 21. g3 b5 22. Qe2 a5 23. Rd4 Rxd4 24. cxd4 Rc4 25. Qd2 Qc7 26. Rc3 b4 27. axb4 axb4 28. Rb3 Qb6 29. Rd3 Qa7 30. Qe3 Qa1+ 31. Kg2 Qxb2 32. Qd2 Rc2 33. Qe1 Rc4 34. Qd1 Qc2 35. Qxc2 Rxc2 36. Kf3 Kf8 37. Rb3 Rc4 38. Ke3 Ke7 39. Rb1 Kd7 40. Ra1 Kc6 41. Ra7 b3 0-1

[Event "Bergamo op"]
[Site "Bergamo"]
[Date "2007.10.05"]
[Round "1"]
[White "Gozzini, Giambattista"]
[Black "Bertoletti, Vincenzo"]
[Result "1-0"]
[WhiteElo "1887"]
[BlackElo "1523"]
[PlyCount "101"]
[EventDate "2007.10.05"]
[EventType "swiss"]
[EventRounds "7"]
[EventCountry "ITA"]
[SourceTitle "EXT 2009"]
[Source "ChessBase"]
[SourceDate "2008.11.26"]
[SourceVersion "1"]
[SourceVersionDate "2008.11.26"]
[SourceQuality "1"]

1. e4 d5 2. exd5 Qxd5 3. Nc3 Qd6 4. Nf3 Nf6 5. d4 c6 6. Bc4 Bg4 7. Be3 e6 8. h3 Bh5 9. g4 Bg6 10. Bd3 Bxd3 11. Qxd3 Be7 12. 0-0-0 Na6 13. Ne5 Nb4 14. Qc4 Nbd5 15. Nxd5 Qxd5 16. Qxd5 Nxd5 17. Bd2 f6 18. Nd3 Kf7 19. Rde1 Rhd8 20. c3 Nb6 21. Kc2 Nd5 22. f4 Re8 23. h4 Bd6 24. Re2 Re7 25. c4 Nc7 26. c5 Nb5 27. Be3 Bb8 28. a4 Nc7 29. Bd2 b6 30. Rhe1 Nd5 31. b4 a5 32. b5 cxb5 33. axb5 bxc5 34. dxc5 Nc7 35. b6 Nb5 36. Bc3 a4 37. Re4 a3 38. Kb3 Nxc3 39. Kxc3 a2 40. Ra1 Rd7 41. Nc1 g5 42. hxg5 fxg5 43. Nxa2 Rxa2 44. Rxa2 gxf4 45. c6 Rd5 46. c7 Bxc7 47. bxc7 Rc5+ 48. Rc4 Rxc7 49. Rxc7+ Kf6 50. Kd3 e5 51. Ke4 1-0

[Event "Bratto op-B 27th"]
[Site "Bratto"]
[Date "2007.08.27"]
[Round "4"]
[White "Gozzini, Giambattista"]
[Black "Gatta, Flavio"]
[Result "1/2-1/2"]
[WhiteElo "1881"]
[BlackElo "1791"]
[PlyCount "94"]
[EventDate "2007.08.24"]
[EventType "swiss"]
[EventRounds "8"]
[EventCountry "ITA"]
[SourceTitle "CBM 120 Extra"]
[Source "ChessBase"]
[SourceDate "2007.11.01"]
[SourceVersion "1"]
[SourceVersionDate "2007.11.01"]
[SourceQuality "1"]

1. e4 Nf6 2. d3 d6 3. Nf3 g6 4. g3 Bg7 5. Bg2 c5 6. 0-0 0-0 7. Re1 Nc6 8. c3 Qc7 9. Nbd2 Rb8 10. a4 a6 11. d4 cxd4 12. cxd4 Bd7 13. Ra3 b5 14. axb5 axb5 15. d5 Na5 16. Rc3 Qb7 17. Ra3 Nc4 18. Nxc4 bxc4 19. Qc2 Rfc8 20. h3 Qb4 21. Bf1 Nh5 22. g4 Nf6 23. Rd1 h5 24. g5 Ne8 25. Ra7 Bb5 26. Kh2 Kf8 27. Nd4 Qc5 28. Be3 Qxa7 29. Ne6+ fxe6 30. Bxa7 Ra8 31. Bd4 e5 32. Bc3 Ba4 33. Qd2 Bxd1 34. Qxd1 Kg8 35. Be2 Bf8 36. Qf1 Ra4 37. f4 exf4 38. Qxf4 Bg7 39. e5 Nc7 40. Qe4 Rf8 41. Bxc4 Nb5 42. exd6 Nxc3 43. bxc3 exd6 44. Qe6+ Kh8 45. Bd3 Be5+ 46. Kg2 Ra2+ 47. Kh1 Ra1+ 1/2-1/2

[Event "Bergamo Province-ch"]
[Site "Bergamo"]
[Date "2004.10.22"]
[Round "3"]
[White "Gozzini, Giambattista"]
[Black "Begni, Carlo"]
[Result "0-1"]
[WhiteElo "1715"]
[BlackElo "1590"]
[PlyCount "129"]
[EventDate "2004.10.08"]
[EventType "swiss"]
[EventRounds "8"]
[EventCountry "ITA"]
[SourceTitle "EXT 2023"]
[Source "ChessBase"]
[SourceDate "2022.10.05"]
[SourceVersion "1"]
[SourceVersionDate "2022.10.05"]
[SourceQuality "1"]

1. e4 c5 2. Nf3 Nc6 3. g3 g6 4. Bg2 Bg7 5. d3 e5 6. Be3 d6 7. c3 Bg4 8. Nbd2 Nge7 9. 0-0 0-0 10. h3 Be6 11. Ng5 Bd7 12. h4 f6 13. Nh3 Qc8 14. Kh2 Kh8 15. Rc1 Ng8 16. d4 b6 17. dxc5 dxc5 18. Nc4 Be6 19. Qe2 Bxc4 20. Qxc4 Nh6 21. Bf3 Qc7 22. b4 Ng8 23. Rfd1 Rfd8 24. Qe2 Bh6 25. Bxh6 Nxh6 26. Qe3 Ng8 27. bxc5 Na5 28. cxb6 axb6 29. Be2 Nb7 30. Rxd8 Qxd8 31. Bc4 Qc7 32. Bd5 Ne7 33. Bxb7 Qxb7 34. Rb1 Ra6 35. Rb2 Qc7 36. Qd3 Ra7 37. Qb5 Nc8 38. Rd2 Ne7 39. Qb4 Kg7 40. Rb2 Nc8 41. Ng1 Qf7 42. c4 Rc7 43. Rc2 Rc5 44. Nf3 f5 45. Ng5 Qf6 46. Qd2 Rc7 47. exf5 gxf5 48. Nh3 h6 49. Qe2 Nd6 50. Ng1 Ne4 51. Nf3 Rc5 52. Nd2 Nd6 53. Nb3 Rc7 54. c5 Ne4 55. cxb6 Rxc2 56. Qxc2 Qxb6 57. Kg2 Kg6 58. f3 Nd6 59. Qc5 Qa6 60. Qc2 e4 61. fxe4 Nxe4 62. Nd4 Nf6 63. Qxf5+ Kg7 64. Qc2 Qb7+ 65. Kh2 0-1

[Event "Bergamo Province-ch"]
[Site "Bergamo"]
[Date "2003.11.21"]
[Round "7"]
[White "Gozzini, Giambattista"]
[Black "Salvi, Giampietro"]
[Result "1-0"]
[WhiteElo "1600"]
[BlackElo "1600"]
[PlyCount "85"]
[EventDate "2003.10.10"]
[EventType "swiss"]
[EventRounds "8"]
[EventCountry "ITA"]
[SourceTitle "EXT 2023"]
[Source "ChessBase"]
[SourceDate "2022.10.05"]
[SourceVersion "1"]
[SourceVersionDate "2022.10.05"]
[SourceQuality "1"]

1. e4 e5 2. Nf3 Nc6 3. Bb5 a6 4. Bxc6 dxc6 5. 0-0 f6 6. d4 Bg4 7. c3 Qd7 8. h3 Bh5 9. Be3 0-0-0 10. Na3 Qe6 11. Qe2 h6 12. Rfd1 exd4 13. Rxd4 Rxd4 14. Nxd4 Bxe2 15. Nxe6 Bxa3 16. bxa3 g5 17. Nd4 Bc4 18. Nf5 Rh7 19. Bc5 Rf7 20. f3 b6 21. Bxb6 cxb6 22. Nd6+ Kc7 23. Nxc4 b5 24. Ne3 Rd7 25. Rd1 Ne7 26. Rxd7+ Kxd7 27. Ng4 Ng8 28. Kf2 Kd6 29. Ke3 h5 30. Nf2 Ne7 31. Nd3 c5 32. g3 Ng6 33. f4 gxf4+ 34. gxf4 a5 35. Nc1 c4 36. Ne2 Kc5 37. Ng3 b4 38. axb4+ axb4 39. cxb4+ Kxb4 40. Nxh5 Kc3 41. Nxf6 Kb2 42. Nd5 Ne7 43. Kd4 1-0

[Event "Bergamo Province-ch"]
[Site "Bergamo"]
[Date "2003.10.24"]
[Round "3"]
[White "Gozzini, Giambattista"]
[Black "Elitropi, Giorgio"]
[Result "0-1"]
[WhiteElo "1600"]
[BlackElo "1716"]
[PlyCount "108"]
[EventDate "2003.10.10"]
[EventType "swiss"]
[EventRounds "8"]
[EventCountry "ITA"]
[SourceTitle "EXT 2023"]
[Source "ChessBase"]
[SourceDate "2022.10.05"]
[SourceVersion "1"]
[SourceVersionDate "2022.10.05"]
[SourceQuality "1"]

1. e4 e6 2. d3 d5 3. Nd2 Nf6 4. Ngf3 Nc6 5. g3 Bc5 6. Bg2 dxe4 7. dxe4 e5 8. 0-0 0-0 9. h3 b6 10. a3 a5 11. b3 Qe7 12. Bb2 Ba6 13. Re1 Rad8 14. c4 Bb7 15. Qc2 Nh5 16. Nf1 f6 17. Ne3 Qf7 18. Kh2 Bxe3 19. Rxe3 g6 20. Rd1 Ng7 21. Red3 Qe7 22. Rxd8 Rxd8 23. Rxd8+ Nxd8 24. Ne1 Qd6 25. Qd3 Ne8 26. Bf1 Ne6 27. Qxd6 Nxd6 28. f3 Ba6 29. Nc2 Nc5 30. b4 Na4 31. Bc1 Bxc4 32. Bxc4+ Nxc4 33. bxa5 bxa5 34. Ne3 Nxe3 35. Bxe3 Nb2 36. Kg2 Kf7 37. Kf2 Nd1+ 38. Ke2 Nxe3 39. Kxe3 Ke6 40. Kd3 Kd6 41. Kc4 Kc6 42. a4 f5 43. exf5 gxf5 44. g4 fxg4 45. fxg4 Kd6 46. h4 c6 47. g5 Ke6 48. h5 Kf5 49. g6 Kf6 50. gxh7 Kg7 51. Kd3 c5 52. Kc4 e4 53. Kc3 Kxh7 54. Kd2 c4 0-1

[Event "Bergamo Province-ch"]
[Site "Bergamo"]
[Date "2002.11.22"]
[Round "7"]
[White "Molteni, Costantino"]
[Black "Gozzini, Giambattista"]
[Result "0-1"]
[WhiteElo "1603"]
[BlackElo "1609"]
[PlyCount "100"]
[EventDate "2002.10.04"]
[EventType "swiss"]
[EventRounds "8"]
[EventCountry "ITA"]
[SourceTitle "EXT 2024"]
[Source "ChessBase"]
[SourceDate "2023.10.10"]
[SourceVersion "1"]
[SourceVersionDate "2023.10.10"]
[SourceQuality "1"]

1. e4 e5 2. Nf3 Nc6 3. Bb5 a6 4. Ba4 Be7 5. 0-0 Nf6 6. Re1 b5 7. Bb3 d6 8. c3 0-0 9. h3 Nd7 10. d4 Bf6 11. a4 Bb7 12. d5 Ne7 13. axb5 axb5 14. Rxa8 Bxa8 15. Na3 Qb8 16. c4 bxc4 17. Bxc4 c6 18. dxc6 Bxc6 19. Qb3 Qxb3 20. Bxb3 Nc5 21. Bc2 Rb8 22. Nc4 Nc8 23. Re3 Ba4 24. Bxa4 Nxa4 25. Nfd2 Nc5 26. Na5 Kf8 27. Ndb3 Nxb3 28. Rxb3 Rxb3 29. Nxb3 Nb6 30. Bd2 Ke8 31. Bc3 Kd7 32. Na5 Na4 33. Nc4 Nxc3 34. bxc3 Kc6 35. Kf1 d5 36. exd5+ Kxd5 37. Ne3+ Kc5 38. Ng4 Kc4 39. Ke2 Kxc3 40. Kf3 Kd3 41. Nxf6 gxf6 42. Kg4 Ke2 43. f3 Kf2 44. h4 Kxg2 45. h5 h6 46. Kf5 Kxf3 47. Kxf6 e4 48. Kxf7 e3 49. Kg6 e2 50. Kxh6 e1Q 0-1